| 000 | 00485nam a22001217a 4500 | ||
|---|---|---|---|
| 999 |
_c10237 _d10237 |
||
| 003 | OSt | ||
| 008 | 201218b ||||| |||| 00| 0 eng d | ||
| 245 | _aElectrical Engineering Update | ||
| 250 | _a2008(Jan-Feb Vol.16 No.1, Jul-Aug Vol.16 No.4) 2009(Mar-Apr Vol.17 No.2, May-Jun Vol.17 No.3, Jul-Aug Vol.17 No.4, Sep-Oct Vol.17 No.5) 2010(Sep-Oct Vol.18 No.4) | ||
| 260 |
_aMumbai _bHigh-Tech Publishing Pvt. Ltd. |
||
| 650 | _aElectronics and Communication Engineering | ||
| 942 |
_2ddc _cBV |
||